College Quizbowl Stats
College Quizbowl Stats
Circuits
Seasons
Sets
Records
Detailed Stats
About
Loading...
2024 Penn Bowl UNC
Tossups
Bonuses
Players
Teams
Categories (Tossup)
Categories (Bonus)
Vedang Singhal
North Carolina A
Categories
Category
Powers
Gets
Negs
BBs
Points
Earliest Buzz
Avg. Buzz
First Buzzes
Top 3 Buzzes
History - Other History
0
2
0
1
20
96
96.00
1
2
Science - Biology
0
2
1
0
15
79
89.00
1
2
Fine Arts - Other Fine Arts
0
0
1
0
-5
0.00
0
0
History - European History
0
0
1
0
-5
0.00
0
0
Religion
0
0
2
0
-10
0.00
0
0
Buzzes
Category
Answer
Value
Buzz Position
Religion
Kali
-5
78
Science - Biology
micturition
10
79
Fine Arts - Other Fine Arts
Earth
-5
82
History - Other History
military bases
10
96
History - Other History
Commonwealth of Nations
10
96
Science - Biology
bacterial conjugation
10
99
History - European History
Basque
-5
103
Science - Biology
eusociality
-5
106
Religion
iftar
-5
124
Previous
1
Next